000 00491pab a2200193 454500
008 180718b2007 xxu||||| |||| 00| 0 eng d
100 _aKapoor, Vineet
245 _aWomen's access to justice: domestic violence, governance and human rights
260 _c2007
300 _ap.8-26.
362 _aApr-Jun
650 _aSocial justice
650 _aHuman rights
650 _aDomestic violence
650 _aWomen
773 _aIndian Police Journal
908 _aN
909 _a78379
999 _c78379
_d78379